01700nam a2200325 c 450000100060000000300100000600500170001600700030003300800410003602000150007704000350009204100080012704300120013508400060014710000380015324500440019125000250023526400490026030000180030933600270032733700330035433800280038749000470041552007200046252100530118265000330123565000380126865000340130665000340134060842CO-BoRNBP20260324140830.0ta121119s2003 sp gr 000 j spa  a8420638501 aCO-BoRNBPbspaerdacCO-BoRNBP0 aspa anwcu--- aN1 aCarpentier, Alejod1904-1980eaut14aLos pasos perdidos /cAlejo Carpentier. aQuinta reimpresión 1aMadird, España :bAlianza editorial,c2003 a284 páginas atextobtxt2rdacontent asin mediaciónbn2rdamedia avolumenbnc2rdacarrier0 aEl libro de bolsillo.aBiblioteca de autor aPieza magistral de la narrativa latinoamericana y perfecta ilustración del concepto de «lo real maravilloso», Los pasos perdidos, publicada en 1953, inauguró el periodo de plenitud creadora de la obra de Alejo Carpentier (1904-1980). Inspirado en experiencias personales vividas por el autor en el interior de Venezuela, el viaje del anónimo protagonista de la novela ­que le lleva a remontar el Orinoco hasta el interior de la selva en busca de un primitivo instrumento musical­ se revela asimismo como un retroceso en el tiempo, a través de las etapas históricas más significativas de América, hasta los mismos orígenes, hasta la época de las primeras formas y de la invención del lenguaje1 aRecomendado para un público mayor de 15 años17aHistorias de aventuras2lemb17aLiteratura cubanaySiglo XX2rnbp17aLiteratura fantástica2rnbp07aNovela cubanaySiglo XX2rnbp